| 000 | 00656cab a2200205 4500 | ||
|---|---|---|---|
| 001 | ABS37185 | ||
| 008 | 090401t1986 xxu||||| |||| 00| 0 eng d | ||
| 035 | _a(Sirsi) u2704 | ||
| 041 | _aeng | ||
| 100 | _aSlavid, R. | ||
| 245 | _aRefurbishment | ||
| 260 | _c1986 | ||
| 350 | _a0 | ||
| 490 |
_aConstruction News _v(5992) 27 November 1986, 17-21(5) |
||
| 520 | _aDescribes individual projects and their specific problems, including the Phoenix Assurance Building in the City of London ,the Manchester Midland Hotel and Missenden Abbey in Buckinghamshire. | ||
| 690 |
_aRefurbishment _96264 |
||
| 700 | _aBell, G. | ||
| 942 | _n0 | ||
| 948 | _c04/03/1997 | ||
| 999 |
_c1631 _d1631 |
||